000 00626nam a2200181Ia 4500
003 GCL
008 140319s9999 xx 000 0 ara d
040 _aGCL /
_cGCL
082 0 4 _a811.009
_bع ز
100 1 _aعبدالاله الصائغ
245 1 0 _aالزمن عند الشعراء العرب قبل الاسلام /
_cعبدالاله الصائغ
300 _a335 ص
490 _aالهيئة العامة للاستعلامات
_v0
650 0 4 _aالعصر الجاهلى
650 0 4 _aالشعر العربى - تاريخ ونقد
650 0 4 _aالادب العربى - تاريخ ونقد
942 _2ddc
_cBK
999 _c49567
_d49567